All Outer Wilds Characters - Statistics

General Stats
  • This quiz has been taken 23 times
  • The average score is 18 of 64
Answer Stats
Answer % Correct
Solanum
95%
Gabbro
90%
Riebeck
90%
Chert
75%
Esker
75%
Poke
75%
Feldspar
70%
Pye
70%
Slate
60%
Gossan
50%
Annona
45%
Escall
45%
Coleus
35%
Hal
35%
Hornfels
35%
Tektite
35%
Cassava
30%
Clary
30%
Melorae
30%
Mica
30%
Oeno
30%
Avens
25%
Daz
25%
Idaea
25%
Lami
25%
Mallow
25%
Thatch
25%
Filix
20%
Galena
20%
Gneiss
20%
Laevi
20%
Phlox
20%
Plume
20%
Spinel
20%
Bur
15%
Canna
15%
Din
15%
Ilex
15%
Marl
15%
Neem
15%
Porphy
15%
Root
15%
Secca
15%
Tephra
15%
Tuff
15%
Yarrow
15%
Arkose
10%
Bells
10%
Bromi
10%
Clem
10%
Conoy
10%
Cycad
10%
Hyssop
10%
Kousa
10%
Mitis
10%
Moraine
10%
Privet
10%
Ramie
10%
Rhus
10%
Rutile
10%
Spire
10%
Taget
10%
Foli
5%
Keek
5%
No matching quizzes found
Score Distribution
Percent of People with Each Score
Percentile by Number Answered
Your Score History
You have not taken this quiz